Practice and Innovations in Sustainable Transport (Record no. 17499)
[ view plain ]
| 000 -LEADER | |
|---|---|
| fixed length control field | 00872nam a2200121Ia 4500 |
| 008 - FIXED-LENGTH DATA ELEMENTS--GENERAL INFORMATION | |
| fixed length control field | 220615s9999||||xx |||||||||||||| ||und|| |
| 100 ## - MAIN ENTRY--PERSONAL NAME | |
| Personal name | Muneer, Tariq||Gago, Eulalia Jadraque||Gul, Mehreen Saleem |
| 245 #0 - TITLE STATEMENT | |
| Title | Practice and Innovations in Sustainable Transport |
| 546 ## - LANGUAGE NOTE | |
| Language note | English[eng] |
| 650 ## - SUBJECT ADDED ENTRY--TOPICAL TERM | |
| Topical term or geographic name entry element | adaptive||electric vehicle||state of charge (SOC)||high voltage gain||lithium-ion battery||climate change||ssustainable transport||driving cycle||smart grid||robust||battery powered vehicle||Huber’s M-estimation||electric taxi||public transportation||sustainable development||DC-DC converter||square root cubature Kalman filter (SRCKF)||coupled inductor||fuel cell vehicles||charging approaches||ripple minimization current||variational Bayesian approximation||electric propulsion||electric bus |
| 856 ## - ELECTRONIC LOCATION AND ACCESS | |
| Uniform Resource Identifier | <a href="https://mdpi.com/books/pdfview/book/2334">https://mdpi.com/books/pdfview/book/2334</a> |
| 942 ## - ADDED ENTRY ELEMENTS (KOHA) | |
| Koha item type | E-Books |
| Withdrawn status | Lost status | Damaged status | Not for loan | Home library | Current library | Date acquired | Total Checkouts | Date last seen | Price effective from | Koha item type |
|---|---|---|---|---|---|---|---|---|---|---|
| Kerala University of Digital Sciences, Innovation and Technology Knowledge Centre | Kerala University of Digital Sciences, Innovation and Technology Knowledge Centre | 15/06/2022 | 15/06/2022 | 15/06/2022 | E-Books |